Ördöglovasért - Sárga liliom a szegedi színtársulat a Fővárosi Operettszínházba : kultúrvonat Szegedről Budapestre
Elmentve itt :
| Dokumentumtípus: | Cikk |
|---|---|
| Megjelent: |
1934-02-11
|
| Sorozat: | Délmagyarország
10 No. 33 |
| Kulcsszavak: | Színházi élet Szeged 1934 |
| Online Access: | http://dmarchiv.bibl.u-szeged.hu/48301 |
| LEADER | 00514nab a2200145 i 4500 | ||
|---|---|---|---|
| 001 | delm48301 | ||
| 005 | 20180927134906.0 | ||
| 008 | 180927s1934 hu o 0|| hun d | ||
| 040 | |a SZTE Délmagyarország Archívum |b hun | ||
| 041 | |a hun | ||
| 245 | 0 | 0 | |a Ördöglovasért - Sárga liliom |h [elektronikus dokumentum] : |b a szegedi színtársulat a Fővárosi Operettszínházba : kultúrvonat Szegedről Budapestre |
| 260 | |c 1934-02-11 | ||
| 300 | |a 12 | ||
| 490 | 0 | |a Délmagyarország |v 10 No. 33 | |
| 695 | |a Színházi élet Szeged 1934 | ||